Statistics for Top 11 Most Populated Countries in NATO

Click here to take the quiz!

General Stats

  • This quiz has been taken 30 times
  • The average score is 11 of 11

Answer Stats

Population%Country% Correct
35,362,9053.78Canada
100%
66,836,1547.16France
100%
80,722,7928.65Germany
100%
62,007,4506.64Italy
100%
48,563,4765.20Spain
100%
80,274,6048.60Turkey
100%
64,430,4286.90United Kingdom
100%
323,995,52834.7United States
100%
17,016,9671.82Netherlands
96%
38,523,6214.12Poland
96%
21,599,7362.31Romania
79%

Score Distribution

Percentile by Number Answered

Percent of People with Each Score

Your Score History

You have not taken this quiz